| 000 | 02107nam a2200325 a 4500 | ||
|---|---|---|---|
| 001 | 54383 | ||
| 003 | AR-BaAGN | ||
| 005 | 20250715120239.0 | ||
| 007 | ta | ||
| 008 | s ag |||||r|||| ||| ||spa d | ||
| 020 | _a978-987-1062-28-7 | ||
| 040 |
_aAR-BaAGN _bspa _eaacr |
||
| 100 | 1 |
_aMontuschi, Luisa, _d1938- _98517 |
|
| 245 | 1 | 3 |
_aLa nueva economía, la descentralización de las relaciones laborales y el papel de los sindicatos / _cLuisa Montuschi. |
| 260 |
_aBuenos Aires : _bUniversidad del CEMA, _c2007. |
||
| 300 |
_a31 páginas ; _c20 cm. |
||
| 336 |
_btxt _2rdacontent |
||
| 337 |
_bn _2rdamedia |
||
| 338 |
_bnc _2rdacarrier |
||
| 490 | 0 |
_aSerie documentos de trabajo. Área Negocios y Economía ; _v350 _x1668/4575 (impreso) _x1668/4583 (en línea) |
|
| 500 | _aJunio 2007. | ||
| 505 | 0 | _aLa “nueva economía” y los cambios en la organización del trabajo -- La flexibilidad laboral -- La globalización y las relaciones laborales -- El sindicalismo y las relaciones laborales en los nuevos entornos -- Cuadro N°1: Tasa de sindicalización 1970-2003 -- Los cambios en el modelo de relaciones laborales: implicaciones y perspectivas -- Cuadro N°2: Convenios y acuerdos negociados según ámbito de aplicación -- Referencias bibliográficas. | |
| 520 | 3 | _aSe analizan los cambios producidos en el modelo de relaciones laborales que muestran un creciente de las negociaciones colectivas hacia el nivel de la empresa o de la planta. Esto ha tenido un impacto en la actividad de los sindicatos con caídas en la tasa de sindicalización y la influencia sindical. Las organizaciones gremiales se han visto obligadas a recurrir a nuevas prácticas y actividades para no desaparecer. En la Argentina del siglo XXI parecería haber vuelto al antiguo sindicalismo y prácticas de negociación. (El autor). | |
| 650 | 4 |
_aECONOMÍA _91656 |
|
| 650 | 4 |
_aRELACIONES LABORALES _98549 |
|
| 650 | 4 |
_aTRABAJADORES _92003 |
|
| 650 | 4 |
_aSINDICATOS - SINDICALISMO _91255 |
|
| 856 | 4 |
_uhttps://ucema.edu.ar/publicaciones/download/documentos/350.pdf _zObra completa en PDF |
|
| 942 |
_cFOLLETO _kAGN _n0 |
||
| 999 |
_c54383 _d54383 |
||